NBA First-Round Draft Picks (2000s) - Statistics

General Stats
  • This quiz has been taken 27 times
  • The average score is 90 of 294
Answer Stats
Year Pick Team College/Club Team Position Player % Correct
2000 1. NJN Cincinnati (Sr.) PF Kenyon Martin
90%
2004 26. SAC Western Carolina (Jr.) SG Kevin Martin
90%
2009 1. LAC Oklahoma (So.) PF Blake Griffin
81%
2003 3. DEN Syracuse (Fr.) SF Carmelo Anthony
81%
2005 3. UTA Illinois (Jr.) PG Deron Williams
81%
2001 7. NJN (to HOU) Seton Hall (Fr.) PF Eddie Griffin
81%
2001 4. CHI Thornwood HS (South Holland, IL) C Eddy Curry
81%
2002 25. DEN (to NYK) Illinois (Jr.) PG Frank Williams
81%
2002 2. CHI Duke (Jr.) PG Jay Williams
81%
2007 2. SEA Texas (Fr.) SF Kevin Durant
81%
2003 1. CLE St. Vincent-St. Mary HS (Akron, OH) SF LeBron James
81%
2006 22. NJN Connecticut (Jr.) SG Marcus Williams
81%
2005 2. ATL North Carolina (Fr.) SF Marvin Williams
81%
2007 17. NJN Boston College (Jr.) PF Sean Williams
81%
2006 17. IND Memphis (Fr.) PF Shawne Williams
81%
2006 5. ATL Duke (Sr.) PF Shelden Williams
81%
2009 7. GSW Davidson (Jr.) PG Stephen Curry
81%
2009 11. NJN Louisville (Sr.) SG Terrence Williams
81%
2003 4. TOR Georgia Tech (Fr.) PF Chris Bosh
76%
2005 4. NOH Wake Forest (So.) PG Chris Paul
76%
2008 1. CHI Memphis (Fr.) PG Derrick Rose
76%
2003 5. MIA Marquette (Jr.) SG Dwayne Wade
76%
2004 1. ORL SW Atlanta Christian Academy (Atlanta, GA) C Dwight Howard
76%
2003 29. DAL Wake Forest (Sr.) SF Josh Howard
76%
2008 4. SEA UCLA (So.) PG Russell Westbrook
76%
2002 1. HOU Shanghai Sharks (China) C Yao Ming
76%
2005 1. MIL Utah (So.) C Andrew Bogut
71%
2003 18. NOH Xavier (Sr.) PF David West
71%
2004 24. BOS St. Joseph's (Jr.) PG Delonte West
71%
2009 3. OKC Arizona State (So.) SG James Harden
71%
2001 11. BOS Okaloosa-Walton CC (So.) SF Kedrick Brown
71%
2008 5. MEM (to MIN) UCLA (Fr.) PG Kevin Love
71%
2001 1. WAS Glynn Academy (Brunswick, GA) PF Kwame Brown
71%
2001 3. ATL (to VAN) FC Barcelona (Spain) PF Pau Gasol
71%
2006 25. CLE Michigan State (Jr.) SG Shannon Brown
71%
2000 6. ATL Cincinnati (Fr.) SG DerMarr Johnson
67%
2007 1. POR Ohio State (Fr.) C Greg Oden
67%
2009 16. CHI Wake Forest (So.) SF James Johnson
67%
2005 22. DEN (to POR) Georgia Tech (Jr.) PG Jarrett Jack
67%
2007 20. MIA (to PHI) Colorado State (Jr.) PF Jason Smith
67%
2001 10. BOS Arkansas (So.) SG Joe Johnson
67%
2004 17. ATL Oak Hill Academy (Mouth of Wilson, VA) SF Josh Smith
67%
2004 18. NOH St. Benedict's Prep (Newark, NJ) SG JR Smith
67%
2004 10. CLE Oregon (Sr.) SF Luke Jackson
67%
2007 3. ATL Florida (Jr.) PF Al Horford
62%
2006 1. TOR Benetton Treviso (Italy) PF Andrea Bargnani
62%
2004 3. CHI Connecticut (Jr.) SG Ben Gordon
62%
2008 7. LAC Indiana (Fr.) SG Eric Gordon
62%
2001 28. SAS Paris Basket Racing (France) PG Tony Parker
62%
2003 6. LAC Central Michigan (Jr.) C Chris Kaman
57%
2003 2. DET Hemofarm Vrsac (Serbia & Montenegro) C Darko Milicic
57%
2008 29. DET (to SEA) Indiana (Sr.) PF DJ White
57%
2008 28. MEM (to HOU) Syracuse (Fr.) SF Donté Green
57%
2000 12. DAL Syracuse (Sr.) PF Etan Thomas
57%
2005 18. BOS Gulf Shores Academy (Houston, TX) SG Gerald Green
57%
2001 25. SAC Alabama (Fr.) SF Gerald Wallace
57%
2007 5. BOS (to SEA) Georgetown (Jr.) SF Jeff Green
57%
2006 2. CHI (to POR) Texas (So.) PF LaMarcus Aldridge
57%
2007 4. MEM Ohio State (Fr.) PG Mike Conley
57%
2009 5. MIN DKV Joventut (Spain) PG Ricky Rubio
57%
2001 9. DET Charlotte (Fr.) SF Rodney White
57%
2006 4. POR (to CHI) LSU (Fr.) PF Tyrus Thomas
57%
2001 2. LAC (to CHI) Dominguez HS (Compton, CA) C Tyson Chandler
57%
2007 23. NYK DePaul (So.) SF Wilson Chandler
57%
2006 3. CHA Gonzaga (Jr.) SF Adam Morrison
52%
2005 10. LAL St. Joseph HS (Metuchen, NJ) C Andrew Bynum
52%
2006 6. MIN (to POR) Washington (Sr.) SG Brandon Roy
52%
2008 10. NJN Stanford (So.) C Brook Lopez
52%
2004 5. WAS (to DAL) Wisconsin (Jr.) PG Devin Harris
52%
2001 5. GSW Michigan State (So.) SG Jason Richardson
52%
2006 24. MEM Villanova (So.) PG Kyle Lowry
52%
2008 2. MIA Kansas State (Fr.) PF Michael Beasley
52%
2000 5. ORL Florida (So.) SF Mike Miller
52%
2000 18. LAC DePaul (So.) SF Quentin Richardson
52%
2001 24. UTA Real Madrid (Spain) PG Raül López
52%
2008 15. PHX Stanford (So.) C Robin Lopez
52%
2004 25. BOS Oklahoma State (Sr.) SG Tony Allen
52%
2009 4. SAC Memphis (Fr.) SF Tyreke Evans
52%
2008 14. GSW LSU (Fr.) PF Anthony Randolph
48%
2008 22. ORL Western Kentucky (Sr.) SG Courtney Lee
48%
2009 21. NOH UCLA (Sr.) PG Darren Collison
48%
2005 30. NYK Florida (Sr.) PF David Lee
48%
2009 9. TOR USC (Fr.) SG DeMar DeRozan
48%
2008 26. SAS IUPUI (Jr.) PG George Hill
48%
2007 9. CHI Florida (Jr.) C Joakim Noah
48%
2009 8. NYK Arizona (Jr.) PF Jordan Hill
48%
2003 7. CHI Kansas (Sr.) PG Kirk Hinrich
48%
2005 21. PHX (to NYK) Washington (Jr.) PG Nate Robinson
48%
2003 12. SEA Kansas (Sr.) PF Nick Collison
48%
2008 3. MIN (to MEM) USC (Fr.) SG OJ Mayo
48%
2005 5. CHA North Carolina (Jr.) PG Raymond Felton
48%
2008 17. TOR (to IND) Georgetown (Sr.) C Roy Hibbert
48%
2005 13. CHA North Carolina (Jr.) SF Sean May
48%
2001 19. POR Michigan State (Fr.) PF Zach Randolph
48%
2009 10. MIL Lottomatica Roma (Italy) PG Brandon Jennings
43%
2003 20. BOS (to MEM) Duke (Sr.) SG Dahntay Jones
43%
2005 17. IND New Mexico (Sr.) SF Danny Granger
43%
2004 2. CHA Connecticut (Jr.) PF Emeka Okafor
43%
2002 14. IND Oregon (Sr.) SG Fred Jones
43%
2009 2. MEM Connecticut (Jr.) C Hasheem Thabeet
43%
2008 12. SAC Rider (Sr.) PF Jason Thompson
43%
2006 11. ORL Duke (Sr.) SG JJ Redick
43%
2006 21. PHX (to BOS) Kentucky (So.) PG Rajon Rondo
43%
2002 9. PHX Cypress Creek HS (Orlando, FL) PF Amar'e Stoudemire
38%
2007 7. MIN Florida (Jr.) SF Corey Brewer
38%
2000 3. LAC East St. Louis HS (East St. Louis, IL) SF Darius Miles
38%
2000 8. CLE (to CHI) Michigan (Fr.) SG Jamal Crawford
38%
2004 20. DEN (to ORL) St. Joseph's (Sr.) PG Jameer Nelson
38%
2009 6. MIN Syracuse (So.) PG Jonny Flynn
38%
2007 18. GSW Foritudo Bologna (Italy) SG Marco Belinelli
38%
2000 4. CHI Iowa State (Jr.) PF Marcus Fizer
38%
2002 7. NYK (to DEN) Vasco da Gama (Brazil) C Nene Hilario
38%
2007 16. WAS USC (Jr.) SG Nick Young
38%
2008 25. HOU (to POR) Le Mans (France) SF Nicolas Batum
38%
2004 12. SEA Bakersfield HS (Bakersfield, CA) C Robert Swift
38%
2006 14. UTA Arkansas (Jr.) SG Ronnie Brewer
38%
2000 2. VAN LSU (So.) PF/C Stromile Swift
38%
2002 23. DET Kentucky (Sr.) SF Tayshaun Prince
38%
2007 12. PHI Georgia Tech (Fr.) PF Thaddeus Young
38%
2007 11. ATL Texas A&M (Sr.) PG Acie Law
33%
2004 9. PHI Arizona (So.) SF Andre Iguodala
33%
2003 21. ATL Pau-Orthez (France) PG Boris Diaw
33%
2008 9. CHA Texas (So.) PG DJ Augustin
33%
2004 7. PHX (to CHI) Duke (Fr.) SF Luol Deng
33%
2001 6. VAN Duke (Sr.) SF Shane Battier
33%
2003 8. MIL Texas (So.) PG TJ Ford
33%
2009 18. MIN (to DEN) North Carolina (Jr.) PG Ty Lawson
33%
2004 15. BOS Prentiss HS (Prentiss, MS) PF Al Jefferson
29%
2004 11. GSW Skonto (Latvia) C Andris Biedrins
29%
2002 10. MIA Connecticut (So.) SF Caron Butler
29%
2008 6. NYK Olimpia Milano (Italy) PF Danilo Gallinari
29%
2009 12. CHA Duke (Jr.) SG Gerald Henderson
29%
2001 18. HOU (to NJN) Stanford (Sr.) C Jason Collins
29%
2009 19. ATL Wake Forest (So.) PG Jeff Teague
29%
2003 27. MEM (to BOS) Ozen HS (Beaumont, TX) C Kendrick Perkins
29%
2006 29. NYK Temple (Sr.) PG Mardy Collins
29%
2001 13. HOU (to NJN) Arizona (Jr.) SF Richard Jefferson
29%
2008 21. NJN California (So.) PF Ryan Anderson
29%
2004 13. POR Lincoln HS (Brooklyn, NY) PG Sebastian Telfair
29%
2008 24. SEA L'Hospitalet (Spain) PF Serge Ibaka
29%
2004 4. LAC Peoria HS (Peoria, IL) PG Shaun Livingston
29%
2009 13. IND North Carolina (Sr.) PF Tyler Hansbrough
29%
2004 29. IND Colorado (Jr.) C David Harrison
24%
2004 6. ATL Stanford (Jr.) SG Josh Childress
24%
2009 17. PHI UCLA (Fr.) PG Jrue Holiday
24%
2003 28. SAS (to PHX) Bauru Tilibra (Brazil) SG Leandro Barbosa
24%
2003 14. SEA Oregon (Jr.) PG Luke Ridnour
24%
2002 3. GSW Duke (Jr.) SF Mike Dunleavy Jr.
24%
2004 8. TOR BYU (Sr.) C Rafael Araújo
24%
2006 8. HOU (to MEM) Connecticut (So.) SF Rudy Gay
24%
2009 26. CHI USC (Jr.) PF Taj Gibson
24%
2003 16. BOS (to MEM) Boston College (Sr.) PG Troy Bell
24%
2001 14. GSW Notre Dame (Jr.) PF Troy Murphy
24%
2007 6. MIL Guangdong Southern Tigers (China) PF Yi Jianlian
24%
2007 26. HOU Oregon (Sr.) PG Aaron Brooks
19%
2005 15. NJN Texas A&M (Jr.) SG Antoine Wright
19%
2007 8. CHA (to GSW) North Carolina (Fr.) PF Brandan Wright
19%
2004 19. MIA South Kent School (South Kent, CT) SF Dorell Wright
19%
2002 4. MEM Kansas (Jr.) PF Drew Gooden
19%
2000 16. SAC Efes Pilsen (Turkey) SF Hedo Türkoglu
19%
2001 27. VAN (to IND) Iowa State (Sr.) PG Jamaal Tinsley
19%
2003 10. WAS Georgia (Jr.) SF Jarvis Hayes
19%
2008 18. WAS Nevada (So.) C JaVale McGee
19%
2008 11. IND (to POR) Arizona (Fr.) PG Jerryd Bayless
19%
2007 13. NOH Kansas (So.) SF Julian Wright
19%
2003 11. GSW Pau-Orthez (France) SG Mickaël Piétrus
19%
2000 21. TOR Michigan State (Sr.) SF Morris Peterson
19%
2009 23. SAC Maccabi Tel Aviv (Israel) SF Omri Casspi
19%
2007 15. DET Eastern Washington (So.) SG Rodney Stuckey
19%
2007 24. PHX (to POR) Joventut Badalona (Spain) SG Rudy Fernández
19%
2004 27. LAL Snaidero Udine (Italy) SG Sasa Vujacic
19%
2007 28. SAS TAU Cerámica (Spain) C Tiago Splitter
19%
2009 29. LAL (to NYK) Florida State (Sr.) PG Toney Douglas
19%
2007 27. DET UCLA (Jr.) SG Arron Afflalo
14%
2000 7. CHI (to CLE) Texas (Jr.) C Chris Mihm
14%
2000 13. ORL (to DAL) Fresno State (Sr.) SG Courtney Alexander
14%
2002 6. CLE Memphis (Fr.) PG Dajuan Wagner
14%
2000 23. UTA Washington Union HS (Fresno, CA) SG DeShawn Stevenson
14%
2000 17. SEA Oklahoma State (Sr.) SF Desmond Mason
14%
2005 26. DET Cincinnati (Sr.) PF Jason Maxiell
14%
2008 8. MIL West Virginia (Jr.) SF Joe Alexander
14%
2000 9. HOU (to MIL) Minnesota (So.) C Joel Przybilla
14%
2006 26. LAL UCLA (So.) PG Jordan Farmar
14%
2003 13. MEM (to BOS) UNLV (Sr.) PG Marcus Banks
14%
2008 16. PHI Florida (So.) PF Marreese Speights
14%
2001 17. TOR Villanova (Jr.) PF Michael Bradley
14%
2002 5. DEN Benetton Treviso (Italy) PF Nikoloz Tskitishvili
14%
2006 7. BOS (to MIN) Villanova (Sr.) SG Randy Foye
14%
2005 14. MIN North Carolina (Jr.) SG Rashad McCants
14%
2001 12. SEA FMP (Yugoslavia) PF Vladimir Radmanovic
14%
2007 29. PHX Wisconsin (Sr.) SF Alando Tucker
10%
2007 14. LAC Florida State (Sr.) SF Al Thornton
10%
2001 23. HOU (to NJN) Pepperdine (Jr.) SG Brandon Armstrong
10%
2008 13. POR (to IND) Kansas (Jr.) SG Brandon Rush
10%
2002 28. SAC (to ATL) Gonzaga (Sr.) PG Dan Dickau
10%
2008 27. NOH (to MEM) Kansas (So.) PF Darrell Arthur
10%
2001 8. CLE Oak Hill Academy (Mouth of Wilson, VA) C DeSagana Diop
10%
2009 14. PHX Louisville (Jr.) SF Earl Clark
10%
2005 19. MEM Syracuse (Sr.) PF Hakim Warrick
10%
2006 12. NOH Connecticut (Sr.) C Hilton Armstrong
10%
2000 19. CHA Kentucky (Sr.) PF Jamaal Magloire
10%
2007 22. CHA Boston College (Sr.) SF Jared Dudley
10%
2002 11. WAS Indiana (So.) PF Jared Jeffries
10%
2007 19. LAL Georgia Tech (Fr.) PG Javaris Crittenton
10%
2008 19. CLE North Carolina State (Fr.) PF JJ Hickson
10%
2002 17. WAS Maryland (Sr.) PG Juan Dixon
10%
2002 20. TOR (to LAL) Missouri (Jr.) SG Kareem Rush
10%
2004 14. UTA Minnesota (Fr.) PF Kris Humphries
10%
2000 29. LAL Stanford (Sr.) PF Mark Madsen
10%
2000 30. LAC Paf Bologna (Italy) PG Marko Jaric
10%
2005 6. POR Seattle Prep School (Seattle, WA) SG Martell Webster
10%
2002 24. NJN Partizan Belgrade (Yugoslavia) C Nenad Krstic
10%
2004 21. UTA (to DAL) Metis Varese (Italy) C Pavel Podkolzin
10%
2009 25. OKC (to DAL) Cholet (France) PG Rodrigue Beaubois
10%
2001 26. PHI Seton Hall (So.) C Samuel Dalembert
10%
2007 10. SAC Washington (Fr.) C Spencer Hawes
10%
2001 15. ORL DePaul (Fr.) C Steven Hunter
10%
2009 15. DET Gonzaga (So.) SF Austin Daye
5%
2004 28. SAS Breil Milano (Italy) PG Beno Udrih
5%
2001 20. CLE (to ORL) North Carolina (Sr.) C Brendan Haywood
5%
2003 24. LAL Illinois (Sr.) PF Brian Cook
5%
2009 24. DAL (to OKC) Ohio State (Fr.) C Byron Mullens
5%
2006 15. NOH North Carolina State (So.) SF Cedric Simmons
5%
2005 8. NYK Arizona (Sr.) C Channing Frye
5%
2005 7. TOR Connecticut (So.) PF Charlie Villanueva
5%
2002 8. LAC Maryland (So.) PF Chris Wilcox
5%
2007 21. PHI (to MIA) Ohio State (Fr.) SG Daequan Cook
5%
2009 27. MEM Missouri (Sr.) SF DeMarre Carroll
5%
2000 28. POR St. John's (So.) PG Erick Barkley
5%
2000 25. PHX AEK (Greece) C Jake Tsakalidis
5%
2000 15. MIL (to HOU) Georgia Tech (Sr.) C Jason Collier
5%
2005 16. TOR Oklahoma State (Sr.) PF Joey Graham
5%
2005 20. DEN North Carolina State (Sr.) PG Julius Hodge
5%
2000 10. ORL (to LAC) Missouri (So.) SG Keyon Dooling
5%
2005 27. POR (to DEN) Missouri (So.) SF Linas Kleiza
5%
2005 24. HOU Illinois (Sr.) SG Luther Head
5%
2000 14. DET Michigan State (Sr.) PG Mateen Cleaves
5%
2003 9. NYK Georgetown (Jr.) PF Michael Sweetney
5%
2006 10. SEA Verviers-Pepinster (Belgium) C Mouhamed Sene
5%
2007 30. PHI (to POR) Tapiolan Honka (Finland) SG Petteri Koponen
5%
2000 27. IND Union Olimpija (Slovenia) C Primoz Brezec
5%
2006 19. SAC Rutgers (Jr.) PG Quincy Douby
5%
2002 21. POR Northeast Mississippi CC (So.) SF Qyntel Woods
5%
2004 23. POR CSKA Moscow (Russia) SG Sergei Monia
5%
2000 20. PHI Hofstra (Sr.) PG Speedy Claxton
5%
2004 22. NJN (to POR) CSKA Moscow (Russia) SF Victor Khryapa
5%
2005 29. MIA Kansas (Sr.) SF Wayne Simien
5%
2005 12. LAC CSKA Moscow (Russia) SF Yaroslav Korolev
5%
2003 22. NJN Cibona Zagreb (Croatia) SG Zoran Planinic
5%
2008 20. CHA Hyeres-Toulon (France) C Alexis Ajinca
0%
2002 15. HOU Benetton Treviso (Italy) SF Bostjan Nachbar
0%
2003 25. DET Skipper Bologna (Italy) SG Carlos Delfino
0%
2002 22. PHX Stanford (Jr.) SG Casey Jacobsen
0%
2002 27. LAL (to TOR) Fresno State (Jr.) SF Chris Jefferies
0%
2009 30. CLE CB Prat (Spain) SF Christian Eyenga
0%
2002 18. ORL (to UTA) Stanford (Jr.) C Curtis Borchardt
0%
2000 24. CHI Benston Zagreb (Croatia) C Dalibor Bagaric
0%
2000 22. NYK (to DAL) Florida (Fr.) SF Donnell Harvey
0%
2009 20. UTA VCU (Sr.) PG Eric Maynor
0%
2005 23. SAC Louisville (Jr.) SG Francisco Garcia
0%
2005 11. ORL Unicaja Málaga (Spain) PF Fran Vázquez
0%
2005 28. SAS Le Havre (France) PF Ian Mahinmi
0%
2005 9. GSW Arizona State (Jr.) PF Ike Diogu
0%
2000 11. BOS UCLA (So.) PF Jérome Moïso
0%
2001 22. ORL SMU (Sr.) SG Jeryl Sasser
0%
2002 16. PHI (to GSW) Union Olimpija (Slovenia) SG Jiri Welsch
0%
2006 30. POR Gran Canaria (Spain) C Joel Freeland
0%
2005 25. SEA Pau-Orthez (France) C Johan Petro
0%
2002 26. SAS (to PHI) Miami (Sr.) SF John Salmons
0%
2001 21. BOS North Carolina (So.) SG Joseph Forte
0%
2006 23. NJN Connecticut (Jr.) SF Josh Boone
0%
2008 30. BOS New Mexico (Sr.) SG JR Giddens
0%
2001 16. CHA Indiana (Jr.) PF Kirk Haston
0%
2004 16. UTA Nevada (Jr.) SG Kirk Snyder
0%
2008 23. UTA Ohio State (Fr.) C Kosta Koufos
0%
2000 26. DEN Auburn (Sr.) C Mamadou N'Diaye
0%
2002 13. MIL Tennessee (Jr.) PF Marcus Haislip
0%
2006 28. DAL Michigan State (Sr.) PG Maurice Ager
0%
2002 12. LAC Fresno State (Sr.) C Melvin Ely
0%
2007 25. UTA Rice (Sr.) SG Morris Almond
0%
2003 26. MIN Westbury Christian HS (Houston, TX) SF Ndudi Ebi
0%
2006 18. WAS BC Kyiv (Ukraine) C Oleksiy Pecherov
0%
2006 9. GSW Bradley (So.) C Patrick O'Bryant
0%
2003 15. ORL Louisville (Sr.) SF Reece Gaines
0%
2006 20. NYK South Carolina (Jr.) PF Renaldo Balkman
0%
2006 16. CHI (to PHI) Memphis (Sr.) SF Rodney Carney
0%
2002 19. UTA (to ORL) Notre Dame (Sr.) PF Ryan Humphrey
0%
2003 19. UTA Buducnost Podgorica (Serbia & Montenegro SF Sasha Pavlovic
0%
2006 27. PHX (to POR) Adecco Estudiantes (Spain) PG Sergio Rodríguez
0%
2006 13. PHI (to CHI) Angelico Biella (Italy) SG Thabo Sefolosha
0%
2003 23. POR Starkville HS (Starkville, MS) SF Travis Outlaw
0%
2009 22. POR Pamesa Valencia (Spain) SF Victor Claver
0%
2009 28. MIN North Carolina (Jr.) SG Wayne Ellington
0%
2003 17. PHX Buducnost Podgorica (Serbia & Montenegro SF Zarko Cabarkapa
0%
No matching quizzes found
Score Distribution
Percent of People with Each Score
Percentile by Number Answered
Your Score History
You have not taken this quiz